<?xml version="1.0" encoding="UTF-8"?><?xml-stylesheet type="text/xsl" href="static/style.xsl"?><OAI-PMH xmlns="http://www.openarchives.org/OAI/2.0/" xmlns:xsi="http://www.w3.org/2001/XMLSchema-instance" xsi:schemaLocation="http://www.openarchives.org/OAI/2.0/ http://www.openarchives.org/OAI/2.0/OAI-PMH.xsd"><responseDate>2026-04-13T22:11:44Z</responseDate><request verb="GetRecord" identifier="oai:www.recercat.cat:2445/223788" metadataPrefix="marc">https://recercat.cat/oai/request</request><GetRecord><record><header><identifier>oai:recercat.cat:2445/223788</identifier><datestamp>2025-12-05T00:24:38Z</datestamp><setSpec>com_2072_1057</setSpec><setSpec>col_2072_478798</setSpec><setSpec>col_2072_478916</setSpec><setSpec>col_2072_478917</setSpec></header><metadata><record xmlns="http://www.loc.gov/MARC21/slim" xmlns:dcterms="http://purl.org/dc/terms/" xmlns:xsi="http://www.w3.org/2001/XMLSchema-instance" xmlns:doc="http://www.lyncode.com/xoai" xsi:schemaLocation="http://www.loc.gov/MARC21/slim http://www.loc.gov/standards/marcxml/schema/MARC21slim.xsd">
   <leader>00925njm 22002777a 4500</leader>
   <datafield ind2=" " ind1=" " tag="042">
      <subfield code="a">dc</subfield>
   </datafield>
   <datafield ind2=" " ind1=" " tag="720">
      <subfield code="a">Donat Vargas, Carolina</subfield>
      <subfield code="e">author</subfield>
   </datafield>
   <datafield ind2=" " ind1=" " tag="720">
      <subfield code="a">Kogevinas, Manolis</subfield>
      <subfield code="e">author</subfield>
   </datafield>
   <datafield ind2=" " ind1=" " tag="720">
      <subfield code="a">Castaño-Vinyals, Gemma</subfield>
      <subfield code="e">author</subfield>
   </datafield>
   <datafield ind2=" " ind1=" " tag="720">
      <subfield code="a">Pérez Gómez, Beatriz</subfield>
      <subfield code="e">author</subfield>
   </datafield>
   <datafield ind2=" " ind1=" " tag="720">
      <subfield code="a">Aragonès Sanz, Núria</subfield>
      <subfield code="e">author</subfield>
   </datafield>
   <datafield ind2=" " ind1=" " tag="720">
      <subfield code="a">Guevara, Marcela</subfield>
      <subfield code="e">author</subfield>
   </datafield>
   <datafield ind2=" " ind1=" " tag="720">
      <subfield code="a">Gómez Acebo, Inés</subfield>
      <subfield code="e">author</subfield>
   </datafield>
   <datafield ind2=" " ind1=" " tag="720">
      <subfield code="a">Molina, Antonio</subfield>
      <subfield code="e">author</subfield>
   </datafield>
   <datafield ind2=" " ind1=" " tag="720">
      <subfield code="a">Fernandez-Tardon, Guillermo</subfield>
      <subfield code="e">author</subfield>
   </datafield>
   <datafield ind2=" " ind1=" " tag="720">
      <subfield code="a">Vanaclocha Espi, Mercedes</subfield>
      <subfield code="e">author</subfield>
   </datafield>
   <datafield ind2=" " ind1=" " tag="720">
      <subfield code="a">Molina Barceló, Ana</subfield>
      <subfield code="e">author</subfield>
   </datafield>
   <datafield ind2=" " ind1=" " tag="720">
      <subfield code="a">Moreno Aguado, Víctor</subfield>
      <subfield code="e">author</subfield>
   </datafield>
   <datafield ind2=" " ind1=" " tag="720">
      <subfield code="a">Pollán, Marina</subfield>
      <subfield code="e">author</subfield>
   </datafield>
   <datafield ind2=" " ind1=" " tag="720">
      <subfield code="a">Villanueva, Cristina M.</subfield>
      <subfield code="e">author</subfield>
   </datafield>
   <datafield ind2=" " ind1=" " tag="260">
      <subfield code="c">2025-10-21T14:51:05Z</subfield>
   </datafield>
   <datafield ind2=" " ind1=" " tag="260">
      <subfield code="c">2025-10-21T14:51:05Z</subfield>
   </datafield>
   <datafield ind2=" " ind1=" " tag="260">
      <subfield code="c">2025-04-15</subfield>
   </datafield>
   <datafield ind2=" " ind1=" " tag="260">
      <subfield code="c">2025-10-21T14:51:05Z</subfield>
   </datafield>
   <datafield ind2=" " ind1=" " tag="520">
      <subfield code="a">Background: Disinfection byproducts and N-nitroso compounds (NOC) formed endogenously after nitrate ingestion have been shown to be carcinogenic in animal studies, but epidemiological evidence is limited, especially in relation to gastric cancer. Objective: We evaluated the association between drinking water exposure to nitrate and trihalomethanes (THMs) and gastric cancer in a multicase–control study conducted in Spain (MCC-Spain). Methods: In 2008–2013, 254 hospital-based incident gastric cancer cases and 2,365 population-based controls were recruited, providing information on residential histories and type of water consumed. Adult lifetime average nitrate and THM levels in residences from age 18 until 2 years before the interview were estimated and linked with water consumption information to calculate waterborne ingested nitrate, brominated (Br)-THMs, and chloroform. Odds ratios (OR) and 95% confidence intervals (CI) were estimated using logistic regression, with adjustment for potential confounders. We assessed the effect modification by factors influencing endogenous NOC formation. Results: Median [percentile 25th (P25)–percentile 75 (P75)] (P25–P75) lifetime waterborne ingested nitrate (mg/day), Br-THMs (μ⁢g/day), and chloroform (μ⁢g/day) were 2.7 (1.4–5.6), 3.8 (1.5–8.1), and 12.2 (4.0–23.7), respectively, in cases and 3.8 (1.8–8.5), 5.7 (2.6–19.2), and 12.9 (4.6–24.5) in controls, respectively. Adjusted OR (95% CI) for gastric cancer comparing nitrate intake >9.7 vs. ≤9.7mg/day (percentile 80th, P80) was 1.42 (0.88, 2.29). This association was more pronounced among participants with low consumption of vegetables [2.24 (1.02, 4.91)], vitamin C [2.10 (0.94, 4.71)], and vitamin E [2.81 (1.16, 6.78)] and among those with high consumption of alcohol [2.78 (0.98, 7.93)] or processed meat [1.91 (0.97, 3.75)]. When stratified by age, the association only remained in the >65 years of age group (median 73 years of age). OR for gastric cancer comparing Br-THM ingestion ≥vs.80th&lt;80th percentile was 0.65 (0.33, 1.28) and for chloroform was 1.36 (0.87, 2.14). Comparable ORs were found for residential concentrations. Conclusions: Long-term waterborne nitrate exposure below regulatory limits may increase gastric cancer risk among older adults and in those with poor dietary patterns. These findings need to be confirmed by cohort studies with larger sample sizes.</subfield>
   </datafield>
   <datafield tag="653" ind2=" " ind1=" ">
      <subfield code="a">Consum d'aigua</subfield>
   </datafield>
   <datafield tag="653" ind2=" " ind1=" ">
      <subfield code="a">Nitrats</subfield>
   </datafield>
   <datafield tag="653" ind2=" " ind1=" ">
      <subfield code="a">Càncer gastrointestinal</subfield>
   </datafield>
   <datafield tag="653" ind2=" " ind1=" ">
      <subfield code="a">Water consumption</subfield>
   </datafield>
   <datafield tag="653" ind2=" " ind1=" ">
      <subfield code="a">Nitrates</subfield>
   </datafield>
   <datafield tag="653" ind2=" " ind1=" ">
      <subfield code="a">Gastrointestinal cancer</subfield>
   </datafield>
   <datafield ind2="0" ind1="0" tag="245">
      <subfield code="a">Long-term exposure to nitrate and trihalomethanes in drinking water and gastric cancer: A multicase–control study in Spain (MCC-Spain)</subfield>
   </datafield>
</record></metadata></record></GetRecord></OAI-PMH>